| 000 -ლიდერი |
| ფიქსირებული სიგრძის საკონტროლო ველი |
01081nam a2200241Ia 4500 |
| 001 - საკონტროლო ნომერი |
| საკონტროლო ველი |
11817 |
| 003 - საკონტროლო ნომრის იდენტიფიკატორი |
| საკონტროლო ველი |
GE_BSU |
| 005 - ბოლო ოპერაციის თარიღი და დრო |
| საკონტროლო ველი |
20240625105538.0 |
| 008 - ფიქსირებული სიგრძის მონაცემთა ელემენტები - ზოგადი ინფორმაცია |
| ფიქსირებული სიგრძის საკონტროლო ველი |
181216s2014||||ge |||||||||||||| ||geo|| |
| 020 ## - წიგნის საერთაშორისო სტანდარტული ნომერი |
| International Standard Book Number |
978-9941-9373-0-9 |
| 040 ## - კატალოგიზაციის წყარო |
| Transcribing agency |
GE_BSU |
| 041 ## - ენის კოდი |
| Language code of text/sound track or separate title |
geo |
| 080 ## - უნივერსალური ათობითი კლასიფიკაციის ინდექსი |
| Universal Decimal Classification number |
821.133.1-31+ 821.133.1.03=353.1 დ–55 |
| 100 ## - მთავარი ჩანაწერი - პიროვნების სახელი |
| Personal name |
დიუგენი, მარკ |
| 9 (RLIN) |
22566 |
| 245 ## - ცნობა სათაურის შესახებ |
| Title |
ოფიცერთა პალატა : |
| Remainder of title |
[რომანი] / |
| Statement of responsibility, etc |
მარკ დიუგენი ; ფრანგ. თარგმნა ცისანა ბიბილეიშვილმა ; რედ. თამარ გელოვანი. |
| 264 ## - წარმოების, გამოცემის, დისტრიბუციის და სხვა ცნობები |
| გამოცემის, წარმოების, დისტრიბუციის... ადგილი |
თბილისი : |
| გამოცემის, წარმოების, დისტრიბუციის... სახელწოდება |
უსტარი, |
| გამოცემის, წარმოების, დისტრიბუციის... თარიღი |
2014. |
| 300 ## - ფიზიკური აღწერა |
| Extent |
128 გვ. ; |
| Dimensions |
19 სმ. |
| 653 ## - INDEX TERM--UNCONTROLLED |
| Uncontrolled term |
ოფიცერთა პალატა |
| 653 ## - INDEX TERM--UNCONTROLLED |
| Uncontrolled term |
რომანი |
| 700 ## - ADDED ENTRY--PERSONAL NAME |
| Personal name |
ბიბილეიშვილი, ცისანა |
| Relator term |
მთარგმნელი |
| 9 (RLIN) |
22568 |
| 700 ## - ADDED ENTRY--PERSONAL NAME |
| Personal name |
გელოვანი, თამარ |
| Relator term |
რედაქტორი |
| 9 (RLIN) |
7142 |
| 942 ## - ADDED ENTRY ELEMENTS (KOHA) |
| Koha item type |
წიგნი |
| Source of classification or shelving scheme |
|